000 00397nam a2200145Ia 4500
008 240729s9999 xx 000 0 und d
022 _a2414-1518
245 0 _aGalician Medical Journal
260 _aUkraine
260 _bIvano-Frankivsk National Medical University
650 _aMedicine
856 _uhttps://doaj.org/toc/29ce1ef684a845919025602dfd6ee59d
942 _2ddc
942 _cDOAJEJ
999 _c66871
_d66871
945 _a1
_bMadushi Gamage
_c1
_dMadushi Gamage